000 01620cam a2200385 i 4500
001 17791008
003 OSt
005 20150408114221.0
008 130625t20142014nyua b 000 0 eng
010 _a 2013021933
020 _a9780393923261 (pbk.)
020 _a0393923266 (pbk.)
040 _aDLC
_beng
_cDLC
_erda
_dDLC
042 _apcc
043 _ae-uk-st
050 0 0 _aPR2823.A2
_bM56 2014
082 0 0 _a822.33
_223
_bSWM
100 1 _aShakespeare, William,
_d1564-1616.
245 1 0 _aMacbeth :
_bthe text of Macbeth, the actors' gallery, sources and contexts, criticism, afterlives, resources /
_cWilliam Shakespeare ; edited by Robert S. Miola, Loyola University in Maryland.
250 _aSecond edition.
300 _axxiv, 381 pages :
_billustrations ;
_c22 cm
490 0 _aA Norton critical edition
504 _aIncludes bibliographical references (pages 377-381).
600 0 0 _aMacbeth,
_cKing of Scotland,
_dactive 11th century
_vDrama.
_945923
600 1 0 _aShakespeare, William,
_d1564-1616.
_tMacbeth
_xSources.
_945924
600 0 0 _aMacbeth,
_cKing of Scotland,
_dactive 11th century
_xIn literature.
_938508
600 1 0 _aShakespeare, William,
_d1564-1616.
_tMacbeth.
_938507
650 0 _aKings and rulers
_xSuccession
_vDrama.
_945925
650 0 _aRegicides
_vDrama.
_945926
651 0 _aScotland
_vDrama.
_945927
700 1 _aMiola, Robert S.,
_eeditor of compilation.
_945928
906 _a7
_bcbc
_corignew
_d1
_eecip
_f20
_gy-gencatlg
942 _2ddc
_cBOOK
999 _c35397
_d269897